| 000 | 00908nam0a2200265 4500 | ||
|---|---|---|---|
| 001 | RU\NLR\ONL1\6422 | ||
| 005 | 20260406120424.0 | ||
| 035 | _a(NLR Aleph) 009635173 | ||
| 090 |
_a9519000 _c9519000 |
||
| 100 | _a20050916d1937 |||y0rusy50 ca | ||
| 101 | 1 |
_achm _crus |
|
| 102 | _aRU | ||
| 105 | _aa ||||||||| | ||
| 200 | 1 |
_aКапитанын ы|ды|ржы _fКырык мары йы|лмы|шкы| В. П. Васкин сäрэн |
|
| 210 |
_aМ. _cГослитиздат _d1937 |
||
| 215 |
_a157,[3] с. _cил. _d22 |
||
| 541 | 1 |
_aКапитанская дочка _zrus |
|
| 686 | 1 | _aШ6(2=Мар)-91Р5-4 | |
| 700 | 1 |
_4070 _7ca _8rus _aПушкин _bА. С. _cпоэт _f1799-1837 _gАлександр Сергеевич _9110441 _3RU\NLR\auth\77386 |
|
| 801 | 0 |
_aRU _bNLR _c20050916 _gPSBO |
|
| 852 |
_aNLR _bОНЛ _jМар.г./3-93 |
||
| 942 | _cBOOK | ||
| 980 | _aNB | ||